| 000 | 00525cam a2200181 a 4500 | ||
|---|---|---|---|
| 001 | 000001627 | ||
| 005 | 20200929145637.0 | ||
| 008 | 751009s1970 quc 000 f fre | ||
| 040 |
_aDO-SdBNP _cNcDaD _dCaSRU _dDLC |
||
| 082 |
_a843.9 _bM379m |
||
| 100 | 1 |
_aMartin, Claire, _d1914- _95320 |
|
| 245 | 1 | 4 | _aLes morts. |
| 260 |
_aMontreal : _bLe Cercle du Livre de France, _c1970. |
||
| 300 |
_a152 p. ; _c19 cm. |
||
| 650 | 4 |
_aNovela francesa _91075 |
|
| 650 | 4 |
_aLiteratura francesa _91074 |
|
| 910 | _aCatalogación por copia / LC | ||
| 999 |
_c1518 _d1518 |
||